| 000 | 00722nas a2200241Ia 4500 | ||
|---|---|---|---|
| 001 | A03/R024-42874 | ||
| 003 | IT-MiCISF | ||
| 005 | 20250707121612.0 | ||
| 008 | 161014c99999999xx |||||||||||| ||und|| | ||
| 040 |
_aIT-MiCISF _cIT-MiCISF |
||
| 041 | _ait | ||
| 100 |
_aAnfossi Giuseppe (et al.) _962404 |
||
| 245 | 0 | _aLa pastorale familiare. Verso il convegno ecclesiale di Verona | |
| 250 | _a"Famiglia oggi", n. 8-9, agosto-settembre | ||
| 260 | _c2006 | ||
| 300 | _app. 8-39 | ||
| 500 | _a pastorale-familiare, famiglia, chiesa-locale | ||
| 650 | _aPastorale-familiare | ||
| 654 | _adossier | ||
| 700 |
_aNicolli S., Zattoni M., Gillini G., Bonetti R., Nevi G. _962405 |
||
| 942 |
_cCR _2ddc |
||
| 999 |
_c247080 _d247080 |
||
| 999 | _bSi | ||